000 00749nam a2200205Ii 4500
003 JO-AjNU
008 230605s9999||||xx |||||||||||||| ||und||
017 _a2009/10/4320
040 _aJO-AjNU
_bara
_erda
_cJO-AjNU
041 _aara
050 1 4 _aGR295.J6.A622 1969
100 3 _aتاليف العمد، هاني صبحي؛ مراجعة الضرغام، محمود كايد,
_eauthor
_923074
245 0 0 _aأغانينا الشعبية في الضفة الشرقية من الاردن
264 3 1 _aعمان: وزارة الثقافة، 2010
300 _a368ص
336 _atext
_btxt
_2rdacontent
337 _aunmediated
_bn
_2rdamedia
338 _avolume
_bnc
_2rdacarrier
650 4 _aالاردن- الاغاني الشعبية
_923075
999 _aA8291
_c11859
_d11859